<?xml version="1.0" encoding="UTF-8"?><?xml-stylesheet type="text/xsl" href="static/style.xsl"?><OAI-PMH xmlns="http://www.openarchives.org/OAI/2.0/" xmlns:xsi="http://www.w3.org/2001/XMLSchema-instance" xsi:schemaLocation="http://www.openarchives.org/OAI/2.0/ http://www.openarchives.org/OAI/2.0/OAI-PMH.xsd"><responseDate>2026-04-27T08:19:19Z</responseDate><request verb="GetRecord" identifier="oai:uvadoc.uva.es:10324/20976" metadataPrefix="marc">https://uvadoc.uva.es/oai/request</request><GetRecord><record><header><identifier>oai:uvadoc.uva.es:10324/20976</identifier><datestamp>2021-06-29T10:44:47Z</datestamp><setSpec>com_10324_38</setSpec><setSpec>col_10324_852</setSpec></header><metadata><record xmlns="http://www.loc.gov/MARC21/slim" xmlns:doc="http://www.lyncode.com/xoai" xmlns:xsi="http://www.w3.org/2001/XMLSchema-instance" xmlns:dcterms="http://purl.org/dc/terms/" xsi:schemaLocation="http://www.loc.gov/MARC21/slim http://www.loc.gov/standards/marcxml/schema/MARC21slim.xsd">
<leader>00925njm 22002777a 4500</leader>
<datafield tag="042" ind1=" " ind2=" ">
<subfield code="a">dc</subfield>
</datafield>
<datafield tag="720" ind1=" " ind2=" ">
<subfield code="a">Palacios Sánchez, Rubén</subfield>
<subfield code="e">author</subfield>
</datafield>
<datafield tag="260" ind1=" " ind2=" ">
<subfield code="c">2016</subfield>
</datafield>
<datafield tag="520" ind1=" " ind2=" ">
<subfield code="a">La imagen de resonancia cardiaca es el estándar de facto para el cálculo de determinados parámetros&#xd;
geométricos y funcionales del corazón. Su obtención, sin embargo, conlleva largos tiempos de estancia&#xd;
en la máquina de resonancia y requiere de prolongadas apneas para evitar efectos de movimiento. Por&#xd;
ello, la tendencia actual consiste en submuestrear la señal que recibe la máquina y aplicar técnicas de&#xd;
postprocesado, algunas de ellas basadas en compensación de movimiento del corazón, para mantener&#xd;
la calidad en la adquisición de las imágenes pero con tiempos de máquina reducidos. Los algoritmos&#xd;
a emplear suelen tener elevado coste computacional, por lo que es deseable su implementación sobre&#xd;
procesadores dedicados.&#xd;
El TFG que se propone consiste en la paralelización e implementación en GPU de un algoritmo de&#xd;
registrado de imagen ya contrastado empleando OpenCL.</subfield>
</datafield>
<datafield tag="024" ind2=" " ind1="8">
<subfield code="a">http://uvadoc.uva.es/handle/10324/20976</subfield>
</datafield>
<datafield ind1=" " ind2=" " tag="653">
<subfield code="a">[Pendiente de asignar]</subfield>
</datafield>
<datafield tag="245" ind1="0" ind2="0">
<subfield code="a">Implementación eficiente de un algoritmo de reconstrucción de imagen cardiaca basado en compensación de movimiento y muestreo compresivo</subfield>
</datafield>
</record></metadata></record></GetRecord></OAI-PMH>